SOR (Studies of Religion) Quiz - Statistics

General Stats
  • This quiz has been taken 15 times
  • The average score is 19 of 23
Answer Stats
Answer % Correct
Bible
100%
Church
100%
Jesus Christ
100%
Qu'ran
100%
Buddhism
93%
Christianity
93%
Christians
93%
Jews
93%
Buddha
86%
Hinduism
86%
Islam
86%
Judaism
86%
Mosque
86%
Muhammad
86%
Muslims
86%
Temple
86%
Torah
86%
Hindus
79%
Moses
79%
Buddhists
71%
Synagogue
71%
Sanskrit texts
50%
Tripitaka
21%
No matching quizzes found
Score Distribution
Percent of People with Each Score
Percentile by Number Answered
Your Score History
You have not taken this quiz